000 00668nam a2200217Ii 4500
003 JO-AjNU
008 230605s9999||||xx |||||||||||||| ||und||
017 _a1221/1984
040 _aJO-AjNU
_bara
_erda
_cJO-AjNU
041 _aara
050 1 4 _aAG243.H3464.1984
100 3 _aالحلبي،عبد الإله رؤوف ,
_eauthor
_97860
245 0 0 _aاشهر عجائب العالم
250 _aط1
264 3 1 _aبغداد:مكتبة النهضة ،1984
300 _a 157ص
_bصور توضيحية
336 _atext
_btxt
_2rdacontent
337 _aunmediated
_bn
_2rdamedia
338 _avolume
_bnc
_2rdacarrier
650 4 _aعجائب وغرائب 
_97861
999 _aA493
_c4061
_d4061